00579nam a2200205 a 4500001001300000003000900013005001700022008004100039020002300080082001300103100003300116245003600149260005500185300000900240500003500249505001000284650001900294650002700313700003300340nice12345678IN_TiNIC20260116013653.0050524s1996 newa grp 000 0 eng  a8121579 c47500a294bBHA aBhattacharyya, Narendra Nath aIndian Religious Historiography aNew Delhi bMunshiram Manoharlal Publishers c1996 a403p aincludes index and biblioraphy2 aIndex aIndia-Religion aIndia-Religion-history1 aBhattacharyya, Narendra Nath